00463nam a2200157Ia 4500008004100000020001800041082001200059100002900071245003700100250000800137260004200145300002800187500001900215600002100234650005000255240925s9999 xx 000 0 und d a9788131760307 a004 ITL aITL Education Solutions 0aIntroduction to Computer Science a2nd aNew Delhi:bPearson Educationc,2011. axxv, 563p.b0fOriginal aIncludes Index aComputer Science aComputer science, information & general works